[Event "Oberliga Sued W 1516"]
[Site "Germany"]
[Date "2015.11.08"]
[Round "2.8"]
[White "Weyerhauser, Joerg"]
[Black "Stahnecker, Ludwig"]
[Result "1/2-1/2"]
[WhiteElo "2073"]
[BlackElo "2127"]
[PlyCount "134"]
[EventDate "2015.09.20"]
[EventType "team-tourn"]
[EventRounds "9"]
[EventCountry "GER"]
[SourceTitle "CBM 170 Extra"]
[Source "ChessBase"]
[SourceDate "2016.02.25"]
[SourceVersion "1"]
[SourceVersionDate "2016.02.25"]
[SourceQuality "1"]
[WhiteTeam "Gau Algesheim"]
[BlackTeam "Koblenz"]
[WhiteTeamCountry "GER"]
[BlackTeamCountry "GER"]

1. d4 d5 2. c4 e6 3. Nc3 c6 4. e3 Nf6 5. Nf3 Nbd7 6. Bd3 dxc4 7. Bxc4 b5 8. Bd3 a6 9. e4 c5 10. d5 c4 11. Bc2 Qc7 12. Qe2 Bd6 13. Bg5 Ne5 14. Nd4 Bd7 15. Rd1 Ng6 16. g3 h6 17. dxe6 hxg5 18. exd7+ Nxd7 19. 0-0 Be5 20. Qg4 Nf6 21. Qf5 Ne7 22. Qxg5 0-0-0 23. Ndxb5 axb5 24. Nxb5 Qc5 25. a4 Rxd1 26. Rxd1 g6 27. Nd6+ Bxd6 28. Qxf6 Be5 29. Qxf7 Rd8 30. Qe6+ Kc7 31. Rd5 Rxd5 32. exd5 Bxb2 33. d6+ Qxd6 34. Qxc4+ Nc6 35. Qf7+ Ne7 36. Bxg6 Qxg6 37. Qxe7+ Kc6 38. Qe2 Qf6 39. Kg2 Kc7 40. Qc4+ Kb7 41. h4 Bd4 42. f3 Bb6 43. Qe4+ Ka7 44. h5 Qg5 45. Qh7+ Ka6 46. Qd3+ Ka5 47. Qb5+ Qxb5 48. axb5 Kxb5 49. f4 Kc6 50. Kf3 Kd5 51. g4 Ke6 52. Ke4 Ba5 53. g5 Bd2 54. h6 Bc3 55. f5+ Kf7 56. Kf4 Bb2 57. Kg4 Bc3 58. Kh5 Bb2 59. Kg4 Bc3 60. g6+ Kf6 61. Kh5 Bb2 62. Kg4 Bc3 63. Kf3 Bd2 64. h7 Kg7 65. Ke4 Bc3 66. Kd5 Kh8 67. Ke6 Bb2 1/2-1/2

[Event "BL2-West 1314"]
[Site "Germany"]
[Date "2013.11.24"]
[Round "3.6"]
[White "Goudriaan, Etienne"]
[Black "Stahnecker, Ludwig"]
[Result "1-0"]
[WhiteElo "2410"]
[BlackElo "2141"]
[PlyCount "77"]
[EventDate "2013.10.13"]
[EventType "team-tourn"]
[EventRounds "9"]
[EventCountry "GER"]
[SourceTitle "EXT 2015"]
[Source "ChessBase"]
[SourceDate "2014.11.20"]
[SourceVersion "1"]
[SourceVersionDate "2014.11.20"]
[SourceQuality "1"]
[WhiteTeam "Bochum 31"]
[BlackTeam "Koblenz"]
[WhiteTeamCountry "GER"]
[BlackTeamCountry "GER"]

1. d4 Nf6 2. c4 e6 3. Nc3 Bb4 4. e3 c5 5. Nge2 cxd4 6. exd4 d5 7. c5 Ne4 8. Bd2 Nxd2 9. Qxd2 Qf6 10. a3 Ba5 11. b4 Bd8 12. Ng1 0-0 13. Nf3 a6 14. Bd3 Nc6 15. 0-0 g5 16. Rfe1 Qg7 17. Bc2 f5 18. Ba4 g4 19. Ne5 Bg5 20. Qd3 Ne7 21. Nd7 Ng6 22. Nxf8 Kxf8 23. g3 Bf6 24. Rad1 Bd7 25. Bxd7 Qxd7 26. Qe3 Re8 27. a4 Re7 28. Qh6+ Kg8 29. Kf1 Rf7 30. Qe3 Nf8 31. b5 axb5 32. Nxb5 Re7 33. Qf4 Re8 34. Rb1 Ra8 35. Qc7 Kf7 36. Nd6+ Kg6 37. Qxd7 Nxd7 38. Rxb7 Nf8 39. c6 1-0

[Event "BL2-West 1314"]
[Site "Germany"]
[Date "2013.10.13"]
[Round "1.6"]
[White "Rotstein, Arkadij"]
[Black "Stahnecker, Ludwig"]
[Result "1-0"]
[WhiteElo "2496"]
[BlackElo "2141"]
[PlyCount "39"]
[EventDate "2013.10.13"]
[EventType "team-tourn"]
[EventRounds "9"]
[EventCountry "GER"]
[SourceTitle "EXT 2015"]
[Source "ChessBase"]
[SourceDate "2014.11.20"]
[SourceVersion "1"]
[SourceVersionDate "2014.11.20"]
[SourceQuality "1"]
[WhiteTeam "Koeln Porz"]
[BlackTeam "Koblenz"]
[WhiteTeamCountry "GER"]
[BlackTeamCountry "GER"]

1. g3 Nf6 2. Bg2 d5 3. d3 Nc6 4. a3 Bf5 5. b4 a6 6. Bb2 Qd7 7. Nd2 e5 8. Ngf3 d4 9. c3 0-0-0 10. cxd4 Nxd4 11. Nxd4 exd4 12. Nf3 a5 13. 0-0 Bh3 14. Bxd4 Bxg2 15. Kxg2 a4 16. Rc1 Kb8 17. Qc2 Bd6 18. e4 Ne8 19. Be3 c6 20. Qxa4 1-0

[Event "GER-chT Lands U20"]
[Site "Hannover"]
[Date "2013.10.02"]
[Round "1.3"]
[White "Stahnecker, Ludwig"]
[Black "Hinrichs, Lars"]
[Result "1-0"]
[WhiteElo "2170"]
[BlackElo "2068"]
[PlyCount "97"]
[EventDate "2013.10.02"]
[EventType "team-swiss"]
[EventRounds "7"]
[EventCountry "GER"]
[SourceTitle "EXT 2014"]
[Source "ChessBase"]
[SourceDate "2013.11.20"]
[SourceVersion "1"]
[SourceVersionDate "2013.11.20"]
[SourceQuality "1"]
[WhiteTeam "Rheinland Pfalz"]
[BlackTeam "Hamburg"]
[WhiteTeamCountry "GER"]
[BlackTeamCountry "GER"]

1. e4 e6 2. d4 d5 3. Nc3 Nf6 4. Bg5 Bb4 5. e5 h6 6. Bd2 Bxc3 7. bxc3 Ne4 8. Qg4 g6 9. Bd3 Nxd2 10. Kxd2 c5 11. Nf3 c4 12. Be2 Bd7 13. h4 Bc6 14. Nh2 Nd7 15. f4 h5 16. Qh3 Qe7 17. g4 hxg4 18. Nxg4 0-0-0 19. Qg3 Rh7 20. Rh2 Rdh8 21. Rah1 f6 22. Ne3 Qf7 23. Rg1 Rh6 24. Bf3 Rf8 25. Ng4 Rh7 26. exf6 Nxf6 27. Ne5 Qc7 28. Nxg6 Rg8 29. h5 Be8 30. Re2 Rhg7 31. Rxe6 Bxg6 32. Rxf6 Bf5 33. Qxg7 Qxf4+ 34. Ke2 Rxg7 35. Rf8+ Kc7 36. Rxg7+ Kb6 37. Rf6+ Ka5 38. Rgf7 Qh2+ 39. Ke3 Bxc2 40. Rxb7 Qg1+ 41. Kf4 Qc1+ 42. Ke5 Qg5+ 43. Ke6 Qg8+ 44. Rff7 Qc8+ 45. Kxd5 Qd8+ 46. Kxc4 Qc8+ 47. Rfc7 Qe6+ 48. d5 Qa6+ 49. Kc5 1-0

[Event "Pardubice Czech op-A 24th"]
[Site "Pardubice"]
[Date "2013.07.23"]
[Round "5"]
[White "Stahnecker, Ludwig"]
[Black "Dauletova, Gulmira"]
[Result "1/2-1/2"]
[WhiteElo "2117"]
[BlackElo "2276"]
[PlyCount "127"]
[EventDate "2013.07.19"]
[EventType "swiss"]
[EventRounds "9"]
[EventCountry "CZE"]
[SourceTitle "CBM 155 Extra"]
[Source "ChessBase"]
[SourceDate "2013.08.26"]
[SourceVersion "1"]
[SourceVersionDate "2013.08.26"]
[SourceQuality "1"]

1. e4 e5 2. Nf3 d6 3. d4 exd4 4. Nxd4 Nf6 5. Nc3 Be7 6. Be2 0-0 7. 0-0 Re8 8. Re1 h6 9. Bf4 Bf8 10. Bf1 Nbd7 11. Nf5 Nb6 12. Qf3 d5 13. Rad1 Bxf5 14. exf5 c6 15. Be5 Nbd7 16. Bg3 Qb6 17. b3 Qa5 18. Rxe8 Rxe8 19. Bh4 Bb4 20. Ne2 Qxa2 21. c3 Qxb3 22. Qd3 Nc5 23. Rb1 Nxd3 24. Rxb3 Bc5 25. Nd4 Ne5 26. Bxf6 gxf6 27. Rxb7 Bb6 28. h3 c5 29. Nb5 Nc6 30. Nd6 Re7 31. Rxe7 Nxe7 32. Ne8 Ba5 33. c4 Bc3 34. cxd5 Nxd5 35. Nd6 Nb6 36. Nb5 Be5 37. Nxa7 Kf8 38. Nc6 Bc3 39. Bb5 Nd5 40. g3 Bd2 41. Kf1 Nc3 42. Bc4 Ne4 43. Ke2 Bc1 44. Bd3 Nc3+ 45. Kf3 Nd5 46. Ke4 Nc3+ 47. Kf3 Ke8 48. Bc4 Kd7 49. Na5 Ke7 50. Nb3 Ba3 51. Nd2 Na4 52. Ke4 Bb4 53. Nf1 Nc3+ 54. Kf3 Nb1 55. Ba2 Nd2+ 56. Nxd2 Bxd2 57. g4 Be1 58. Ke2 Bb4 59. Kd3 Be1 60. Ke2 Bc3 61. Kd3 Bd4 62. f3 Bf2 63. Ke4 Bd4 64. Bb3 1/2-1/2

[Event "GER-ch U18"]
[Site "Oberhof"]
[Date "2013.05.19"]
[Round "1"]
[White "Stahnecker, Ludwig"]
[Black "Kuegel, Tobias"]
[Result "0-1"]
[WhiteElo "2109"]
[BlackElo "2067"]
[PlyCount "92"]
[EventDate "2013.05.19"]
[EventType "swiss"]
[EventRounds "9"]
[EventCountry "GER"]
[SourceTitle "CBM 154 Extra"]
[Source "ChessBase"]
[SourceDate "2013.06.25"]
[SourceVersion "2"]
[SourceVersionDate "2013.06.25"]
[SourceQuality "1"]

1. e4 e5 2. Nf3 Nf6 3. Nxe5 d6 4. Nf3 Nxe4 5. d4 d5 6. Bd3 Nc6 7. 0-0 Be7 8. Re1 Bg4 9. c3 Nf6 10. Bg5 0-0 11. Nbd2 Re8 12. Qc2 h6 13. Bh4 Nh5 14. Bxe7 Rxe7 15. Rxe7 Qxe7 16. Re1 Qf6 17. Ne5 Nxe5 18. dxe5 Qg5 19. Re3 Nf4 20. Rg3 Nh5 21. Re3 Nf4 22. Kf1 Nxg2 23. Kxg2 Bd1+ 24. Rg3 Bxc2 25. Rxg5 Bxd3 26. Rg3 Bf5 27. Nb3 b6 28. Nd4 Bd7 29. Rd3 c5 30. Ne2 Bb5 31. Re3 Bxe2 32. Rxe2 Kf8 33. Kf3 Ke7 34. Kg4 Ke6 35. f4 g6 36. Re3 d4 37. Rd3 Rd8 38. Kf3 c4 39. Rxd4 Rxd4 40. cxd4 Kd5 41. Ke3 b5 42. b4 cxb3 43. axb3 a5 44. Kd3 a4 45. bxa4 bxa4 46. Kc3 a3 0-1

[Event "BL2-West 1213"]
[Site "Germany"]
[Date "2013.02.24"]
[Round "7.6"]
[White "Hendriks, Willy"]
[Black "Stahnecker, Ludwig"]
[Result "1/2-1/2"]
[WhiteElo "2435"]
[BlackElo "2110"]
[PlyCount "112"]
[EventDate "2012.10.14"]
[EventType "team-tourn"]
[EventRounds "9"]
[EventCountry "GER"]
[SourceTitle "CBM 154 Extra"]
[Source "ChessBase"]
[SourceDate "2013.06.25"]
[SourceVersion "2"]
[SourceVersionDate "2013.06.25"]
[SourceQuality "1"]
[WhiteTeam "Bochum SG"]
[BlackTeam "Koblenz"]
[WhiteTeamCountry "GER"]
[BlackTeamCountry "GER"]

1. g3 d5 2. Bg2 Nf6 3. d3 c6 4. Nd2 e5 5. e4 Bc5 6. Ngf3 Nbd7 7. 0-0 0-0 8. b3 Re8 9. Bb2 a5 10. exd5 cxd5 11. d4 exd4 12. Bxd4 Qb6 13. c3 Ne4 14. Re1 Ndf6 15. Nxe4 dxe4 16. Bxc5 Qxc5 17. Qd4 Qh5 18. Nd2 Bh3 19. Nxe4 Ng4 20. f3 Ne5 21. g4 Qg6 22. Nf2 Bxg2 23. Kxg2 Nc6 24. Rxe8+ Rxe8 25. Qd2 f5 26. Qd5+ Kf8 27. Qc5+ Kg8 28. Qd5+ Kf8 29. Qc5+ Kg8 30. Qxf5 Qxf5 31. gxf5 Re2 32. Kg3 Ne7 33. Ne4 Nxf5+ 34. Kf4 Ne7 35. Rd1 Rxh2 36. Rd7 Ng6+ 37. Kg3 Rxa2 38. Rxb7 h5 39. Ng5 Re2 40. Rb8+ Nf8 41. c4 g6 42. c5 Kg7 43. Rb7+ Kf6 44. f4 Re7 45. c6 Rxb7 46. Ne4+ Ke7 47. cxb7 Nd7 48. Kh4 Kd8 49. Nd6 Kc7 50. Nc4 Kxb7 51. Nxa5+ Ka6 52. Nc4 Nc5 53. Ne5 Nxb3 54. Nxg6 Nd4 55. Kxh5 Ne2 56. Kg4 Nxf4 1/2-1/2

[Event "GER-chT Lands U20"]
[Site "Hannover"]
[Date "2012.09.29"]
[Round "1.3"]
[White "Marx, Joschka"]
[Black "Stahnecker, Ludwig"]
[Result "1-0"]
[WhiteElo "1993"]
[BlackElo "2141"]
[PlyCount "111"]
[EventDate "2012.09.29"]
[EventType "team-swiss"]
[EventRounds "7"]
[EventCountry "GER"]
[SourceTitle "CBM 150 Extra"]
[Source "ChessBase"]
[SourceDate "2012.10.19"]
[SourceVersion "1"]
[SourceVersionDate "2012.10.19"]
[SourceQuality "1"]
[WhiteTeam "Schleswig Holstein"]
[BlackTeam "Rheinland Pfalz"]
[WhiteTeamCountry "GER"]
[BlackTeamCountry "GER"]

1. c4 Nf6 2. Nc3 e6 3. g3 d5 4. Bg2 c6 5. cxd5 exd5 6. d4 Bd6 7. Nf3 Nbd7 8. 0-0 0-0 9. a3 a5 10. Bf4 Qc7 11. Bxd6 Qxd6 12. Qc2 Re8 13. e3 b5 14. Rfc1 Ba6 15. Rab1 Nb6 16. Ne5 Nfd7 17. Nxd7 Qxd7 18. Ne2 Nc4 19. Nf4 b4 20. axb4 axb4 21. Ra1 Bb5 22. b3 Na3 23. Qc5 h6 24. Bf1 Bxf1 25. Kxf1 Rec8 26. Nd3 Qb7 27. Nxb4 Kh7 28. Nc2 Nb5 29. Kg1 Nc7 30. Nb4 Ne6 31. Qc2+ g6 32. Rxa8 Rxa8 33. Qxc6 Qxc6 34. Rxc6 Rb8 35. Nxd5 Rxb3 36. Rb6 Ra3 37. h4 Ra5 38. Nf6+ Kg7 39. Ne4 Rd5 40. Rd6 Ra5 41. Rd7 Nf8 42. Rb7 Rd5 43. Nc5 g5 44. hxg5 hxg5 45. Kg2 Kg6 46. Kf3 Rf5+ 47. Ke2 g4 48. Rb6+ f6 49. e4 Rf3 50. e5 Kf7 51. e6+ Ke8 52. d5 Rc3 53. Ne4 Rf3 54. Rb8+ Ke7 55. Rb7+ Ke8 56. Nd6+ 1-0

[Event "EU-chT U18 12th"]
[Site "Pardubice"]
[Date "2012.07.18"]
[Round "9"]
[White "Stahnecker, Ludwig"]
[Black "Pop, Alexandru"]
[Result "0-1"]
[WhiteElo "2099"]
[BlackElo "2270"]
[PlyCount "116"]
[EventDate "2012.07.12"]
[EventType "team-tourn"]
[EventRounds "9"]
[EventCountry "CZE"]
[SourceTitle "EXT 2020"]
[Source "ChessBase"]
[SourceDate "2019.10.17"]
[SourceVersion "1"]
[SourceVersionDate "2019.10.17"]
[SourceQuality "1"]
[WhiteTeam "Germany U18 II"]
[BlackTeam "Romania"]
[WhiteTeamCountry "GER"]
[BlackTeamCountry "ROU"]

1. e4 e5 2. Nf3 Nc6 3. Bb5 Nf6 4. 0-0 Nxe4 5. d4 Nd6 6. Bxc6 dxc6 7. dxe5 Nf5 8. Qxd8+ Kxd8 9. Rd1+ Ke8 10. b3 b6 11. c4 Bb7 12. Nc3 Be7 13. Bb2 Rd8 14. Rxd8+ Bxd8 15. Rd1 Be7 16. Kf1 Bb4 17. Ke2 Bxc3 18. Bxc3 h5 19. g3 c5 20. h4 Ke7 21. Ne1 Be4 22. f3 Bc6 23. Kf2 a5 24. Ng2 a4 25. Nf4 axb3 26. axb3 Ra8 27. Nxh5 Ra3 28. Rb1 Ba4 29. g4 Nxh4 30. Bd2 Ra2 31. Kg3 Rxd2 32. bxa4 g5 33. a5 Rd3 34. axb6 Rxf3+ 35. Kh2 cxb6 36. Rxb6 Rc3 37. Ng7 Rxc4 38. Nf5+ Nxf5 39. gxf5 Re4 40. f6+ Kd7 41. Rb7+ Ke6 42. Re7+ Kf5 43. Rxf7 Rxe5 44. Rf8 Kg6 45. Kg3 Rf5 46. Kg4 Rf4+ 47. Kg3 Rxf6 48. Rg8+ Kh6 49. Rc8 Rf5 50. Rc6+ Kg7 51. Kg4 Re5 52. Ra6 Kf7 53. Rd6 Ke7 54. Rd3 Ke6 55. Rd8 c4 56. Kf3 Rc5 57. Rd2 c3 58. Rc2 Ke5 0-1

[Event "EU-chT U18 12th"]
[Site "Pardubice"]
[Date "2012.07.16"]
[Round "7"]
[White "Stahnecker, Ludwig"]
[Black "Janzelj, Tim"]
[Result "1-0"]
[WhiteElo "2099"]
[BlackElo "2187"]
[PlyCount "87"]
[EventDate "2012.07.12"]
[EventType "team-tourn"]
[EventRounds "9"]
[EventCountry "CZE"]
[SourceTitle "EXT 2020"]
[Source "ChessBase"]
[SourceDate "2019.10.17"]
[SourceVersion "1"]
[SourceVersionDate "2019.10.17"]
[SourceQuality "1"]
[WhiteTeam "Germany U18 II"]
[BlackTeam "Slovenia"]
[WhiteTeamCountry "GER"]
[BlackTeamCountry "SLO"]

1. e4 e5 2. Nf3 Nc6 3. Bb5 a6 4. Ba4 Nf6 5. 0-0 Be7 6. Re1 b5 7. Bb3 d6 8. c3 0-0 9. h3 Nb8 10. d4 Nbd7 11. Nbd2 Bb7 12. Bc2 c5 13. d5 c4 14. Nf1 Re8 15. Ng3 g6 16. Nh2 a5 17. f4 exf4 18. Bxf4 Ne5 19. Nf3 Nfd7 20. Rf1 Bf8 21. Qd2 Bg7 22. Nd4 Qb6 23. Kh1 Kh8 24. Bh6 Bxh6 25. Qxh6 Rg8 26. Rf4 Rg7 27. Raf1 Nf8 28. Ne6 Nxe6 29. dxe6 Qe3 30. Qg5 f5 31. Kh2 Kg8 32. exf5 Qd2 33. Be4 h6 34. Qxh6 Ng4+ 35. hxg4 Rh7 36. Qxh7+ Kxh7 37. fxg6+ Kh6 38. Bxb7 Rh8 39. Nh5 Kxg6 40. Be4+ Kg5 41. Rf5+ Kh6 42. R1f2 Qe3 43. Rf6+ Kg5 44. Rg6+ 1-0

[Event "EU-chT U18 12th"]
[Site "Pardubice"]
[Date "2012.07.12"]
[Round "1"]
[White "Stahnecker, Ludwig"]
[Black "Tesik, Csaba"]
[Result "1/2-1/2"]
[WhiteElo "2099"]
[BlackElo "2353"]
[PlyCount "81"]
[EventDate "2012.07.12"]
[EventType "team-tourn"]
[EventRounds "9"]
[EventCountry "CZE"]
[SourceTitle "EXT 2020"]
[Source "ChessBase"]
[SourceDate "2019.10.17"]
[SourceVersion "1"]
[SourceVersionDate "2019.10.17"]
[SourceQuality "1"]
[WhiteTeam "Germany U18 II"]
[BlackTeam "Hungary U18"]
[WhiteTeamCountry "GER"]
[BlackTeamCountry "HUN"]

1. e4 c5 2. Nf3 e6 3. d4 cxd4 4. Nxd4 a6 5. Nc3 Qc7 6. Be2 b5 7. 0-0 Nc6 8. Re1 Bb7 9. Nxc6 dxc6 10. e5 Rd8 11. Bd3 c5 12. Qg4 Rd4 13. Qg3 h5 14. f3 h4 15. Qf2 h3 16. Be3 hxg2 17. Bxd4 cxd4 18. Nd1 Nf6 19. Qxg2 Nd5 20. Qg3 Rh5 21. Nf2 Be7 22. Re4 Ne3 23. Rxd4 Rg5 24. Ng4 Bc5 25. c3 Nxg4 26. fxg4 Qxe5 27. Qxe5 Rxe5 28. Kf2 Bxd4+ 29. cxd4 Rd5 30. Be4 Rd7 31. Bxb7 Rxb7 32. Rc1 Kd7 33. Ke3 Rb8 34. h4 Kd6 35. Ke4 Rh8 36. Rh1 f6 37. h5 Rh6 38. Rf1 Rh8 39. Rh1 Rh6 40. Rf1 Rh8 41. Rh1 1/2-1/2

[Event "GER-ch U16"]
[Site "Oberhof"]
[Date "2012.05.30"]
[Round "6"]
[White "Stahnecker, Ludwig"]
[Black "Kreyssig, Robert"]
[Result "1-0"]
[WhiteElo "2144"]
[BlackElo "2005"]
[PlyCount "71"]
[EventDate "2012.05.27"]
[EventType "swiss"]
[EventRounds "9"]
[EventCountry "GER"]
[SourceTitle "CBM 148 Extra"]
[Source "ChessBase"]
[SourceDate "2012.06.22"]
[SourceVersion "1"]
[SourceVersionDate "2012.06.22"]
[SourceQuality "1"]

1. e4 c5 2. Nf3 Nc6 3. d4 cxd4 4. Nxd4 Nf6 5. Nc3 d6 6. Bc4 e6 7. Be3 Be7 8. 0-0 a6 9. a4 Bd7 10. f4 Nxd4 11. Bxd4 Rc8 12. Bd3 Bc6 13. Qf3 d5 14. e5 Ne4 15. Qg4 g6 16. Ne2 Qd7 17. b3 b5 18. a5 Qb7 19. Qh3 Kd7 20. Qe3 h5 21. Rfd1 Ke8 22. Bxe4 dxe4 23. c4 Kf8 24. Bb6 Kg7 25. Nc3 Bb4 26. Ne2 Be7 27. Ra2 Rhe8 28. c5 Bd5 29. Rad2 b4 30. Rc1 Rc6 31. Ng3 h4 32. Nxe4 Bxe4 33. Qxe4 Rxb6 34. c6 Qa7 35. axb6 Qxb6+ 36. Qd4 1-0

[Event "GER-ch U16"]
[Site "Oberhof"]
[Date "2012.05.27"]
[Round "2"]
[White "Yankelevich, Lev"]
[Black "Stahnecker, Ludwig"]
[Result "1-0"]
[WhiteElo "2181"]
[BlackElo "2144"]
[PlyCount "47"]
[EventDate "2012.05.27"]
[EventType "swiss"]
[EventRounds "9"]
[EventCountry "GER"]
[SourceTitle "CBM 148 Extra"]
[Source "ChessBase"]
[SourceDate "2012.06.22"]
[SourceVersion "1"]
[SourceVersionDate "2012.06.22"]
[SourceQuality "1"]

1. e4 e5 2. Nf3 Nc6 3. Bb5 a6 4. Ba4 Nf6 5. d3 b5 6. Bb3 Be7 7. 0-0 d6 8. c3 0-0 9. Nbd2 Na5 10. Bc2 c5 11. Re1 Nc6 12. Nf1 Re8 13. Bg5 h6 14. Bh4 Be6 15. h3 Qc7 16. Ne3 d5 17. Bxf6 dxe4 18. Bxe7 exf3 19. Bxc5 fxg2 20. Qf3 e4 21. Qxe4 Bxh3 22. Qf3 Qd7 23. d4 g5 24. Bf5 1-0

[Event "Staufer op 24th"]
[Site "Schwaebisch Gmuend"]
[Date "2012.01.05"]
[Round "8"]
[White "Dgebuadze, Alexandre"]
[Black "Stahnecker, Ludwig"]
[Result "1-0"]
[WhiteElo "2551"]
[BlackElo "2084"]
[PlyCount "53"]
[EventDate "2012.01.02"]
[EventType "swiss"]
[EventRounds "9"]
[EventCountry "GER"]
[SourceTitle "CBM 146 Extra"]
[Source "ChessBase"]
[SourceDate "2012.02.29"]
[SourceVersion "1"]
[SourceVersionDate "2012.02.29"]
[SourceQuality "1"]

1. e4 e5 2. Nf3 Nc6 3. Bc4 Nf6 4. d3 Be7 5. 0-0 0-0 6. Re1 d6 7. c3 Na5 8. Bb5 a6 9. Ba4 b5 10. Bc2 c5 11. Nbd2 Nc6 12. Nf1 Re8 13. a4 Bb7 14. Ng3 Qc7 15. Nf5 Bf8 16. Bg5 Nd7 17. Nd2 h6 18. Be3 Kh7 19. Qf3 Ne7 20. Bb3 g6 21. Nxh6 Bxh6 22. Qxf7+ Bg7 23. Bh6 Kxh6 24. Re3 Nf6 25. Rh3+ Nh5 26. g4 Bh8 27. Nf3 1-0

[Event "Staufer op 24th"]
[Site "Schwaebisch Gmuend"]
[Date "2012.01.04"]
[Round "6"]
[White "Reschke, Thomas"]
[Black "Stahnecker, Ludwig"]
[Result "1/2-1/2"]
[WhiteElo "2198"]
[BlackElo "2084"]
[PlyCount "60"]
[EventDate "2012.01.02"]
[EventType "swiss"]
[EventRounds "9"]
[EventCountry "GER"]
[SourceTitle "CBM 146 Extra"]
[Source "ChessBase"]
[SourceDate "2012.02.29"]
[SourceVersion "1"]
[SourceVersionDate "2012.02.29"]
[SourceQuality "1"]

1. c4 Nf6 2. g3 e6 3. Nf3 d5 4. b3 Be7 5. Bb2 0-0 6. Bg2 c5 7. 0-0 Nc6 8. e3 d4 9. exd4 cxd4 10. Re1 Ne8 11. Ne5 Nxe5 12. Rxe5 f6 13. Re1 Nc7 14. f4 d3 15. Nc3 Rb8 16. Ne4 b5 17. c5 f5 18. Nd6 Bxd6 19. cxd6 Qxd6 20. Be5 Qb6+ 21. Re3 Bb7 22. Bxc7 Qxc7 23. Bxb7 Qxb7 24. Rxd3 Rfd8 25. Qe2 Rxd3 26. Qxd3 Qb6+ 27. Qe3 Qxe3+ 28. dxe3 Rc8 29. Rd1 Kf8 30. Rd2 Ke7 1/2-1/2

[Event "Staufer op 24th"]
[Site "Schwaebisch Gmuend"]
[Date "2012.01.02"]
[Round "2"]
[White "Neuman, Petr"]
[Black "Stahnecker, Ludwig"]
[Result "1-0"]
[WhiteElo "2459"]
[BlackElo "2084"]
[PlyCount "81"]
[EventDate "2012.01.02"]
[EventType "swiss"]
[EventRounds "9"]
[EventCountry "GER"]
[SourceTitle "CBM 146 Extra"]
[Source "ChessBase"]
[SourceDate "2012.02.29"]
[SourceVersion "1"]
[SourceVersionDate "2012.02.29"]
[SourceQuality "1"]

1. c4 Nf6 2. Nc3 e6 3. e4 d5 4. e5 Nfd7 5. d4 dxc4 6. Bxc4 Nb6 7. Bb3 c5 8. Nf3 Nc6 9. Bg5 Be7 10. dxc5 Nd7 11. Bxe7 Qxe7 12. Ne4 Nxc5 13. Nd6+ Kf8 14. Rc1 Nxb3 15. Qxb3 g6 16. Qa3 Bd7 17. 0-0 h6 18. b4 b5 19. Qb2 Kg7 20. a4 a6 21. a5 Ra7 22. Rc5 f6 23. Ne4 f5 24. Nd6 Nd8 25. Rfc1 Rf8 26. Qd4 Kg8 27. Rc7 Rxc7 28. Rxc7 Nc6 29. Qc5 Nb8 30. g3 g5 31. Nd4 Rd8 32. f3 Kf8 33. Kf2 h5 34. Qc1 Kg8 35. f4 g4 36. h4 Kf8 37. Qc5 Kg8 38. Rb7 Qf8 39. Qc7 Kh8 40. Rxb8 Rxb8 41. Qxd7 1-0